000 00525nam a2200181Ia 4500
008 090123s9999 xx 000 0 und d
082 _b16229
100 _aकानिटकर माधव
245 _aलावण्यवती
250 _a2
260 _bअक्षर छाया
_c1988
300 _a136
600 _aकानिटकर माधव
630 _aलावण्यवती
700 _aकानिटकर माधव
730 _aलावण्यवती
942 _cBOOK
999 _c54293
_d54293